Construction contracts : (Record no. 23265)

MARC details
000 -LEADER
fixed length control field 00859nam a22002655a 4500
008 - FIXED-LENGTH DATA ELEMENTS--GENERAL INFORMATION
fixed length control field 161122t2015 xxu||||fr|||| 001 0 eng d
020 ## - INTERNATIONAL STANDARD BOOK NUMBER
International Standard Book Number 9780415657044
040 ## - CATALOGING SOURCE
Original cataloging agency EG-ScBUE
Language of cataloging eng
Transcribing agency EG-ScBUE
082 04 - DEWEY DECIMAL CLASSIFICATION NUMBER
Edition number 22
Classification number 343.41078624
Item number HUG
100 1# - MAIN ENTRY--PERSONAL NAME
Personal name Hughes, Will
9 (RLIN) 12258
245 10 - TITLE STATEMENT
Title Construction contracts :
Remainder of title Law and management /
Statement of responsibility, etc Will Hughes
250 ## - EDITION STATEMENT
Edition statement 5th ed.
260 ## - PUBLICATION, DISTRIBUTION, ETC. (IMPRINT)
Place of publication, distribution, etc New York :
Name of publisher, distributor, etc Routledge,
Date of publication, distribution, etc 2015.
300 ## - PHYSICAL DESCRIPTION
Extent xxviii, 435 p. ;
Dimensions 24 cm.
500 ## - GENERAL NOTE
General note Index : p. 423-435.<br/>
504 ## - BIBLIOGRAPHY, ETC. NOTE
Bibliography, etc Bibliography : p. 415-422.<br/>
590 ## - LOCAL NOTE (RLIN)
Local note Suzan Ashmawy
650 #7 - SUBJECT ADDED ENTRY--TOPICAL TERM
Source of heading or term BUEsh
Topical term or geographic name as entry element Construction contracts
Geographic subdivision Great Britain
-- England.
650 #7 - SUBJECT ADDED ENTRY--TOPICAL TERM
Topical term or geographic name as entry element Construction industry
General subdivision Law and legislation.
9 (RLIN) 23176
651 ## - SUBJECT ADDED ENTRY--GEOGRAPHIC NAME
Source of heading or term BUEsh
653 ## - INDEX TERM--UNCONTROLLED
Resource For college Engineering, Chemical
Arrived date list November2016
700 1# - ADDED ENTRY--PERSONAL NAME
Personal name Champion, Ronan,
Relator term author.
700 1# - ADDED ENTRY--PERSONAL NAME
Personal name Murdoch, J. R.
Relator term author.
9 (RLIN) 12256
942 ## - ADDED ENTRY ELEMENTS (KOHA)
Source of classification or shelving scheme Dewey Decimal Classification
Holdings
Withdrawn status Item status Source of classification or shelving scheme Damaged status Not for loan Vendor Home library Current library Shelving location Date acquired Source of acquisition Cost, normal purchase price Serial Enumeration / chronology Total Checkouts Total Renewals Full call number Barcode Date last seen Date last borrowed Cost, replacement price Koha item type
    Dewey Decimal Classification     Baccah Central Library Central Library First floor 22/11/2016 Purchase 540.00 25145 1 21 343.41078624 HUG 000045036 28/09/2025 22/02/2025 675.00 Book - Borrowing